Land of the Pharaohs / (Record no. 63328)
[ view plain ]
| 000 -LEADER | |
|---|---|
| fixed length control field | 00824nam a2200253 a 4500 |
| 001 - CONTROL NUMBER | |
| control field | 63328 |
| 003 - CONTROL NUMBER IDENTIFIER | |
| rucl marc code | BD-RjUL |
| 005 - DATE AND TIME OF LATEST TRANSACTION | |
| control field | 20211209081201.0 |
| 008 - FIXED-LENGTH DATA ELEMENTS--GENERAL INFORMATION | |
| fixed length control field | 170129r19681960enka j b 001 0 eng d |
| 020 ## - INTERNATIONAL STANDARD BOOK NUMBER | |
| International Standard Book Number | 34003565X |
| 035 ## - SYSTEM CONTROL NUMBER | |
| System control number | (BD-RjUL)63457 |
| 040 ## - CATALOGING SOURCE | |
| Original cataloging agency | VSB |
| Transcribing agency | VSB |
| Modifying agency | UKM |
| -- | BD-RjUL |
| Language of cataloging | eng |
| 041 ## - LANGUAGE CODE | |
| Language code of text/sound track or separate title | eng |
| 082 ## - DEWEY DECIMAL CLASSIFICATION NUMBER | |
| Classification number | 923.132 |
| Author mark and year | COL 1968 |
| 090 ## - LOCALLY ASSIGNED LC-TYPE CALL NUMBER (OCLC); LOCAL CALL NUMBER (OCLC) | |
| Classification number (OCLC) (R) ; Classification number, CALL (RLIN) (NR) | DT87.5 |
| Local cutter number (OCLC) ; Book number/undivided call number, CALL (RLIN) | .C6 1962 |
| 100 1# - MAIN ENTRY--PERSONAL NAME | |
| Personal name | Cottrell, Leonard. |
| 9 (RLIN) | 188463 |
| 245 10 - TITLE STATEMENT | |
| Title | Land of the Pharaohs / |
| Statement of responsibility, etc. | Leonard Cottrell ; illustrated by Richard M. Powers |
| 260 ## - PUBLICATION, DISTRIBUTION, ETC. (IMPRINT) | |
| Place of publication, distribution, etc. | Leicester [Eng.] : |
| Name of publisher, distributor, etc. | Brockhampton, |
| Date of publication, distribution, etc. | c1960 [Impression 1968] |
| 300 ## - PHYSICAL DESCRIPTION | |
| Pagination | 128 p. : |
| Illustrations | ill. ; |
| Size | 25 cm |
| 504 ## - BIBLIOGRAPHY, ETC. NOTE | |
| Bibliography, etc | Includes Bibliography: p. [123] and index |
| 600 00 - SUBJECT ADDED ENTRY--PERSONAL NAME | |
| Personal name | Tutankhamen, |
| Titles and other words associated with a name | King of Egypt |
| 651 ## - SUBJECT ADDED ENTRY--GEOGRAPHIC NAME | |
| Geographic name | Egypt |
| General subdivision | History |
| Chronological subdivision | To 332 B.C. |
| Form subdivision | Juvenile literature. |
| 9 (RLIN) | 188465 |
| 942 ## - ADDED ENTRY ELEMENTS (KOHA) | |
| Source of classification or shelving scheme | Dewey Decimal Classification |
| Koha item type | Books |
| Lost status | Source of classification or shelving scheme | Damaged status | Not for loan | Collection code | Permanent Location | Current Location | Shelving location | Date acquired | Source of acquisition | Cost, normal purchase price | Total Checkouts | Full call number | Date last seen | Copy number | Koha item type |
|---|---|---|---|---|---|---|---|---|---|---|---|---|---|---|---|
| Dewey Decimal Classification | Not For Loan | Non-fiction | Central Library, University of Rajshahi | Central Library, University of Rajshahi | Reading Room | 13/07/1972 | Book centre | 19.80 | 923.132 COL 1968 | 29/01/2017 | C-1 | Books |